| 000 | 01474aam a2200517 4500 | ||
|---|---|---|---|
| 005 | 20250626174413.0 | ||
| 008 | 150603b2010 xxu||||| |||| 00| 0 spa d | ||
| 020 | _a9788481267730 | ||
| 041 | _aESP | ||
| 082 | _a614.15 C313t4 | ||
| 100 |
_aCarrasco Gómez, Juan José _922633 |
||
| 100 |
_aMaza Martin, Jose Manuel _962151 |
||
| 245 | _aTratado de psiquiatría legal y forense | ||
| 260 | _aEspaña | ||
| 260 | _bWolters Kluwer | ||
| 260 | _c2010 | ||
| 300 | _a2028 páginas | ||
| 490 | _aInvestigación Criminal | ||
| 650 | _aPSIQUIATRIA FORENSE | ||
| 650 | _aPSICOPATOLOGÍAS | ||
| 650 | _aDERECHO PENAL | ||
| 650 | _aMEDIDAS DE SEGURIDAD | ||
| 650 | _aAUTOR DEL DELITO | ||
| 650 | _aRESPONSABILIDAD CRIMINAL | ||
| 650 | _aVICTIMOLOGÍA | ||
| 650 | _aLESIONES PSÍQUICAS | ||
| 650 | _aINTERNAMIENTOS PSIQUIÁTRICOS | ||
| 650 | _aTRASTORNOS DE PERSONALIDAD | ||
| 650 | _aDERECHO ADMINISTRATIVO | ||
| 650 | _aDERECHO LABORAL | ||
| 650 | _aPRUEBA PERICIAL | ||
| 650 | _aPROCEDIMIENTOS MATRIMONIALES | ||
| 650 | _aDERECHO PROCESAL | ||
| 650 | _aENFERMEDAD PROFESIONAL | ||
| 650 | _aRESPONSABILIDAD PROFESIONAL | ||
| 650 | _aTRASTORNOS PSIQUICOS | ||
| 650 | _aDEMENCIAS | ||
| 650 | _aTRASTORNOS MENTALES | ||
| 650 | _aESQUIZOFRENIA | ||
| 650 | _aTRASTORNOS SEXUALES | ||
| 650 | _aMIGRACIONES | ||
| 650 | _aVIOLENCIA FAMILIAR | ||
| 650 | _aMALTRATO FAMILIAR | ||
| 650 | _aDELITOS CONTRA LA LIBERTAD | ||
| 942 |
_cBK _2ddc |
||
| 999 |
_c2585 _d2585 |
||